000 01654nam a22003497ia4500
999 _c174376
_d174376
003 PPAK
005 20191014121354.0
008 190919t20192019mnua b 001 0 eng d
020 _a9781543529586
_cRM34.20
_qpaperback
040 _aPPAK
_beng
_cPPAK
_erda
082 0 4 _223
_a551.21
090 0 0 _a551.21
_bHAR
_dK
100 1 _aHarbo, Christopher L.,
_aauthor.
_eeditor.
245 1 0 _aTHE EXPLOSIVE WORLD OF VOLCANOES WITH MAXAXIOM SUPER SCIENTIST :
_bAn Augmented Reading Science Experience /
_cby Christopher L. Harbo; illustrated by Tod Smith; Consultant Professor Henneth H. Rubin
264 1 _aNorth Mankato, Minnesota:
_bCAPSTONE PRESS,
_c[2019]
264 4 _c© 2019
300 _a32 pages:
_bcolour illustrations;
_c23 cm
336 _2rdacontent
_atext
337 _2rdamedia
_aunmediated
338 _2rdacarrier
_avolume
490 1 _aGRAPHIC LIBRARY. GRAPHIC SCIENCE
500 _aIncludes index
500 _aA 4D BOOK
520 _a"Travel through time and across the globe as Max Axiom explains how and why volcanoes shape and change the Earth's surface! Young readers' curiosity about the volcanic world will erupt. Download the free Capstone 4D app for an augmented reality experience that goes beyond the printed page. Videos, writing prompts, discussion questions, and hands-on activities make this updated edition come alive and keep your collection current."--
521 1 _aAge 8-14.
650 1 0 _aVolcanoes
_vJuvenile literature
650 2 0 _aVolcanoe
700 1 _aSmith, Tod,
_eillustrator.
700 1 _aRubin, Henneth H.,
_cProfessor.
_econsultant.
830 0 _aGraphic Library. Graphic Science
942 _2ddc
_cB